000 00376nam a2200157Ia 4500
008 230917s9999||||xx |||||||||||||| ||und||
040 _e96025
_aMAIN
041 _aEnglish
082 _a342 J199P(4)
100 _aJain, M P
245 0 _aPrinciples of administrative law
250 _a4th ed.
260 _aNagpur
_bWadhwa
_c2001
300 _axlvi, 1072 p.
942 _cBK
999 _c108041
_d108041